000 00431nam a2200157Ia 4500
008 151213s9999 xx 000 0 und d
100 _aG.H. Bodner & W. S. Hopwood
245 _aAccounting information systems
_cG.H. Bodner & W. S. Hopwood
250 _a7th
260 _aNew Jersey
_bPrentice hall
300 _a1261 p.
650 _aAccounting
650 _aAccounting
700 _aG.H. Bodner & W. S. Hopwood
999 _c1081
_d1081